1581 1776 1911 1549 1194 1318 1678 1393 1438 1564 1303 1711 1595 1347 1537 1789 1867 1477 1126 1323 1260 1468 1826 1611 1586 1868 1614 1713 1627 1660 1689 1281 1013 1333 1785 1460 1297 1985 1790 1386 1771 1264 1834 1594 1035 1625 1702 1280 1665 1854 1270 1495 1241 1691 1074 1406 1331 1229 1646 1626 1076 1407 1156 1492 1301 1270 1660 1138 1245 1932 1907 1164 1006 1403 1217 1335 1278 1071 1429 1255 1910 1301 1291 1469 1268 1856 1738 1412 1414 1398 1843 1925 1476 1555 1559 1636 1335 1037 1376 BCNSPRNW ULIB Ver.6.0+V

เปลี่ยนเป็นภาษาไทย

Change to English
 แสดงรายละเอียดบรรณานุกรม
  กลับหน้าหลัก

Brief Record : Get Marc (ISO 2709) : E-mail record : QR code < ปิดหน้าต่าง
LEADER : 00000nam 2200000uu 4500
001    13399108427
003     ULIB
008    110303s2553||||th 000 0 tha d
020    9789749781340
060  4 WY108^bห135ก 2553
100 0  หทัยชนก บัวเจริญ
245 00 การพยาบาลในระบบสุขภาพ/^cหทัยชนก บัวเจริญ
250    พิมพ์ครั้งที่ 1
260    สมุทรปราการ:^bโครงการสำนักพิมพ์มหาวิทยาลัยหัวเฉียวเฉลิมพระเกียรติ,^c2553
300    218 หน้า
650  7 ระบบสุขภาพ^xการพยาบาล
700 0  จริยาวัตร คมพยัคฆ์
700 0  วนิดา ดุรงค์ฤทธิชัย
700 0  รัชดา พ่วงประสงค์
710 1  มหาวิทยาลัยหัวเฉียวเฉลิมพระเกียรติ^bคณะพยาบาลศาสตร์
945    ^p230^l0^i028577
945    ^p230^l0^i028575
945    ^p230^l0^i028574
945    ^p230^l0^i028573
945    ^p230^l0^i028572
945    ^p230^l0^i028570
945    ^p230^l0^i028569
945    ^p230^l0^i028568
945    ^p230^l0^i028576
945    ^p230^l0^i028571
995    ทศพร
999 ^a ใช้งานได้ทุกระบบ
รายการนี้ยังไม่มีแท็ก
คุณยังไม่ได้ล็อกอิน คุณสามารถมีกิจกรรมร่วมกับเว็บไซต์ได้ แต่ต้องล็อกอินก่อน ::
  ล็อกอิน

รายการสื่อสารสนเทศ

ลำดับที่ ประเภท เลขเรียก/บาร์โค้ด สถานที่ สถานะ
1. วิทยาศาสตร์การแพทย์ และสุขภาพ
หนังสือสำรอง
สถานะ=หนังสือสำรอง
WY108 ห135ก 2553 ฉ.1 
  Barcode: 028568
ห้องสมุดวิทยาเขตสวรรค์ประชารักษ์
►ส่วนจัดเก็บหนังสือเก่า สปร
บนชั้น
  ขอยืม
2. วิทยาศาสตร์การแพทย์ และสุขภาพ
วิทยาศาสตร์การแพทย์ และสุขภาพ
WY108 ห135ก 2553 ฉ.10 
  Barcode: 028577
ห้องสมุดวิทยาเขตสวรรค์ประชารักษ์
►ส่วนจัดเก็บหนังสือเก่า สปร
บนชั้น
  ขอยืม
3. วิทยาศาสตร์การแพทย์ และสุขภาพ
วิทยาศาสตร์การแพทย์ และสุขภาพ
WY108 ห135ก 2553 ฉ.2 
  Barcode: 028569
ห้องสมุดวิทยาเขตสวรรค์ประชารักษ์
►ส่วนจัดเก็บหนังสือเก่า สปร
บนชั้น
  ขอยืม
4. วิทยาศาสตร์การแพทย์ และสุขภาพ
วิทยาศาสตร์การแพทย์ และสุขภาพ
WY108 ห135ก 2553 ฉ.3 
  Barcode: 028570
ห้องสมุดวิทยาเขตสวรรค์ประชารักษ์
►ส่วนจัดเก็บหนังสือเก่า สปร
บนชั้น
  ขอยืม
5. วิทยาศาสตร์การแพทย์ และสุขภาพ
วิทยาศาสตร์การแพทย์ และสุขภาพ
WY108 ห135ก 2553 ฉ.5 
  Barcode: 028572
ห้องสมุดวิทยาเขตสวรรค์ประชารักษ์
►ส่วนจัดเก็บหนังสือเก่า สปร
บนชั้น
  ขอยืม
6. วิทยาศาสตร์การแพทย์ และสุขภาพ
วิทยาศาสตร์การแพทย์ และสุขภาพ
WY108 ห135ก 2553 ฉ.6 
  Barcode: 028573
ห้องสมุดวิทยาเขตสวรรค์ประชารักษ์
►ส่วนจัดเก็บหนังสือเก่า สปร
บนชั้น
  ขอยืม
7. วิทยาศาสตร์การแพทย์ และสุขภาพ
วิทยาศาสตร์การแพทย์ และสุขภาพ
WY108 ห135ก 2553 ฉ.7 
  Barcode: 028574
ห้องสมุดวิทยาเขตสวรรค์ประชารักษ์
►ส่วนจัดเก็บหนังสือเก่า สปร
บนชั้น
  ขอยืม
8. วิทยาศาสตร์การแพทย์ และสุขภาพ
วิทยาศาสตร์การแพทย์ และสุขภาพ
WY108 ห135ก 2553 ฉ.8 
  Barcode: 028575
ห้องสมุดวิทยาเขตสวรรค์ประชารักษ์
►ส่วนจัดเก็บหนังสือเก่า สปร
บนชั้น
  ขอยืม
9. วิทยาศาสตร์การแพทย์ และสุขภาพ
วิทยาศาสตร์การแพทย์ และสุขภาพ
WY108 ห135ก 2553 ฉ.9 
  Barcode: 028576
ห้องสมุดวิทยาเขตสวรรค์ประชารักษ์
►ส่วนจัดเก็บหนังสือเก่า สปร
บนชั้น
  ขอยืม

BibComment


ยังไม่เคยถูกคอมเมนท์

คอมเมนท์ทรัพยากรรายการนี้
  คอมเมนท์: การพยาบาลในระบบสุ..


 Copyright 2026. Bcnsprnw @Library